000 00644nam a22002417a 4500
001 22570
003 UA-OsUOA
005 20220713101731.0
007 ta
008 20031222b un ||||| |||| 00| 0 ukr d
040 _aUA-OsUOA
_brus
_cUA-OsUOA
_dUA-OsUOA
041 _arus
044 _aRU
080 _a161
090 _a161
_bГ45
100 _aГжегорчик А.
245 _aПопулярная логика: общедоступный очерк логики предложений
260 _aМосква
_bНаука
_c1972
300 _a110 с.
_bІлюстрації
650 7 _2UDC
942 _cBK
_2udc
955 _a0
999 _c308791
_d308791